000
00272nam a22001217a 4500
008
170927b xxu||||| |||| 00| 0 eng d
041
_a
eng
080
_2
2ND
_a
37
100
_a
47
101
_a
EDU
245
_a
A HISTORY OF ENGLISH LANGUAGE
_c
BAUGH,A.C
942
_2
udc
_c
BK
999
_c
30234
_d
30234